Revista del CIM sobre migraciones en América Latina (Registro nro. 8653)

Detalles MARC
000 -LEADER
fixed length control field 00893nas a2200253 454500
001 - CONTROL NUMBER
control field 28719
005 - DATE AND TIME OF LATEST TRANSACTION
control field 20260407193507.0
008 - FIXED-LENGTH DATA ELEMENTS--GENERAL INFORMATION
fixed length control field 260407s1984####ag###########|||spa#d
003 - CONTROL NUMBER IDENTIFIER
control field AR-UNSa-BCEJYS
040 ## - CATALOGING SOURCE
Original cataloging agency AR-UNSa-BCEJYS
Language of cataloging spa
Transcribing agency AR-UNSa-BCEJYS
080 ## - UNIVERSAL DECIMAL CLASSIFICATION NUMBER
Universal Decimal Classification number 314.7
Common auxiliary subdivision Migración
022 ## - INTERNATIONAL STANDARD SERIAL NUMBER
International Standard Serial Number 0253-8202
041 ## - LANGUAGE CODE
Language code of text/sound track or separate title spa
100 1# - MAIN ENTRY--PERSONAL NAME
Personal name Comite Intergubernamental para las Migraciones (CIM)
245 10 - TITLE STATEMENT
Title Revista del CIM sobre migraciones en América Latina
Number of part/section of a work ICM Latin American migration journal
264 #1 - PRODUCTION, PUBLICATION, DISTRIBUTION, MANUFACTURE, AND COPYRIGHT NOTICE
Place of production, publication, distribution, manufacture Santiago de Chile :
Name of producer, publisher, distributor, manufacturer CIMAL
Date of production, publication, distribution, manufacture, or copyright notice 1984
310 ## - CURRENT PUBLICATION FREQUENCY
Current publication frequency Frecuencia: Irregular
590 ## - LOCAL NOTE (RLIN)
Local note niveau_biblio:s niveau_hierar:1
650 ## - SUBJECT ADDED ENTRY--TOPICAL TERM
Topical term or geographic name entry element Migración
650 ## - SUBJECT ADDED ENTRY--TOPICAL TERM
Topical term or geographic name entry element América Latina
650 ## - SUBJECT ADDED ENTRY--TOPICAL TERM
Topical term or geographic name entry element Migración laboral
856 41 - ELECTRONIC LOCATION AND ACCESS
Uniform Resource Identifier <a href="https://biblioeco.unsa.edu.ar/pmb/images/revistas/Revista del CIM sobre migraciones en America Latina-r13824.jpg">https://biblioeco.unsa.edu.ar/pmb/images/revistas/Revista del CIM sobre migraciones en America Latina-r13824.jpg</a>
Link text Imagen de portada
Electronic format type image/jpeg
942 ## - ADDED ENTRY ELEMENTS (KOHA)
Koha item type
Existencias
Withdrawn status Lost status Damaged status Not for loan Home library Current library Shelving location Date acquired Serial enumeration / chronology Total checkouts Full call number Barcode Date last seen Price effective from Koha item type
        Biblioteca Prof. Eusebio Cleto del Rey Biblioteca Prof. Eusebio Cleto del Rey   01/04/1992 Vol. 10, Nº 1 - abr. 1992   H314.7 REV v10.n1 R13832 10/04/2026 10/04/2026 Numero
        Biblioteca Prof. Eusebio Cleto del Rey Biblioteca Prof. Eusebio Cleto del Rey   01/04/1990 Vol. 8, Nº 1 - abr. 1990   H314.7 REV v8.n1 R13831 10/04/2026 10/04/2026 Numero
        Biblioteca Prof. Eusebio Cleto del Rey Biblioteca Prof. Eusebio Cleto del Rey   01/12/1989 Vol. 7, Nº 3 - dic. 1989   H314.7 REV v7.n3 R13830 10/04/2026 10/04/2026 Numero
        Biblioteca Prof. Eusebio Cleto del Rey Biblioteca Prof. Eusebio Cleto del Rey   01/12/1988 Vol. 6, Nº 3 - dic. 1988   H314.7 REV v6.n3 R13829 10/04/2026 10/04/2026 Numero
        Biblioteca Prof. Eusebio Cleto del Rey Biblioteca Prof. Eusebio Cleto del Rey   01/08/1988 Vol. 6, Nº 2 - ago. 1988   H314.7 REV v6.n2 R13828 10/04/2026 10/04/2026 Numero
        Biblioteca Prof. Eusebio Cleto del Rey Biblioteca Prof. Eusebio Cleto del Rey   01/04/1988 Vol. 6, Nº 1 - abr. 1988   H314.7 REV v6.n1 R13827 10/04/2026 10/04/2026 Numero
        Biblioteca Prof. Eusebio Cleto del Rey Biblioteca Prof. Eusebio Cleto del Rey   01/08/1987 Vol. 5, Nº 2/3 - ago./dic. 1987   H314.7 REV v5.n2/3 R13826 10/04/2026 10/04/2026 Numero
        Biblioteca Prof. Eusebio Cleto del Rey Biblioteca Prof. Eusebio Cleto del Rey   01/12/1986 Vol. 4, Nº 3 - dic. 1986   H314.7 REV v4.n3 R13825 10/04/2026 10/04/2026 Numero
        Biblioteca Prof. Eusebio Cleto del Rey Biblioteca Prof. Eusebio Cleto del Rey   01/04/1986 Vol. 4, Nº 1 - abr. 1986   H314.7 REV v4.n1 R13824 10/04/2026 10/04/2026 Numero
        Biblioteca Prof. Eusebio Cleto del Rey Biblioteca Prof. Eusebio Cleto del Rey   01/08/1985 Vol. 3, Nº 2 - ago. 1985   H314.7 REV v3.n2 R13823 10/04/2026 10/04/2026 Numero
        Biblioteca Prof. Eusebio Cleto del Rey Biblioteca Prof. Eusebio Cleto del Rey   01/08/1984 Vol. 2, Nº 2 - ago. 1984   H314.7 REV v2.n2 R13822 10/04/2026 10/04/2026 Numero